[Event "Ruhrgebiet Verbandsklasse Gruppe 1 1617"]
[Site "Germany"]
[Date "2016.12.18"]
[Round "5.8"]
[White "Savinov, Dmitrij"]
[Black "Seibert, Joachim"]
[Result "1-0"]
[WhiteElo "1338"]
[BlackElo "1552"]
[PlyCount "88"]
[EventDate "2016.09.04"]
[EventType "team-tourn"]
[EventRounds "9"]
[EventCountry "GER"]
[SourceTitle "EXT 2022"]
[Source "ChessBase"]
[SourceDate "2021.10.06"]
[SourceVersion "1"]
[SourceVersionDate "2021.10.06"]
[SourceQuality "1"]
[WhiteTeam "Recklinghausen Altstadt"]
[BlackTeam "Unna SV"]
[WhiteTeamCountry "GER"]
[BlackTeamCountry "GER"]

1. e4 e5 2. Nf3 Nc6 3. Bc4 Nf6 4. Ng5 d5 5. exd5 Na5 6. Qe2 Nxc4 7. Qxc4 Nxd5 8. d3 Be7 9. Nf3 f6 10. 0-0 c6 11. Qb3 Rb8 12. c4 Nc7 13. Be3 b6 14. Rd1 0-0 15. Nc3 Bb7 16. c5+ Nd5 17. Nxd5 cxd5 18. cxb6 Ba8 19. Rac1 Kh8 20. d4 Rxb6 21. Qc2 e4 22. Nd2 Bd6 23. Nb3 f5 24. Nc5 Bb8 25. Bd2 f4 26. Ba5 Qh4 27. f3 Rh6 28. h3 exf3 29. Be1 Qg5 30. Rd2 Re8 31. Nd7 Rhe6 32. Kf1 Qe7 33. Ne5 Bxe5 34. dxe5 Rxe5 35. Bf2 fxg2+ 36. Kxg2 d4+ 37. Kh2 Be4 38. Qc7 Qb4 39. Qxe5 Bg6 40. Qxf4 h6 41. Qxd4 Qa5 42. Rg1 Kh7 43. Rd3 Re4 44. Qd5 Qb4 1-0